00565nam a2200181Ia 4500003000900000005001700009008004100026040003300067041000800100080001200108100001900120245006700139260003000206300002700236942000700263952009600270999001700366LK-CoDNM20240910104036.0010623t1883 xxu||||| |||| 00| 1 eng d aLK-CoDNMdLK-CoDNMeLK-CoDNM aeng a6 bD20 aFerguson, John aCeylon in 1883 :The Leading Crown Colony of the British Empire bSampson lawaLondonc1883 bx, 283p. : ill ; 20 cm cBK 001041708OBCaMAINbMAINcREFd2024-09-05l0o6 D20pOJP111r2024-09-10w2024-09-10yBK c82418d82418